[Event "9th HDBank Open 2019"]
[Site "Ho Chi Minh City"]
[Date "2019.03.09"]
[Round "4.9"]
[White "Megaranto, Susanto"]
[Black "Cao, Sang"]
[Result "1-0"]
[WhiteElo "2526"]
[BlackElo "2385"]
[Annotator "ChessBase"]
[PlyCount "137"]
[EventDate "2019.03.07"]
[EventType "swiss"]
[EventCountry "VIE"]
[SourceTitle "playchess.com"]
[Source "ChessBase"]
[SourceQuality "1"]
[TimeControl "5400+30"]

1. d4 {[%emt 0:00:00]} Nf6 {[%emt 0:00:04]} 2. Nf3 {[%emt 0:00:00]} b6 {[%emt 0:00:16]} 3. Bg5 {[%emt 0:00:30]} Bb7 {[%emt 0:00:17]} 4. e3 {[%emt 0:00:26]} e6 {[%emt 0:00:56]} 5. Nbd2 {[%emt 0:01:10]} Be7 {[%emt 0:00:19]} 6. Bd3 {[%emt 0:00:30]} h6 {[%emt 0:00:48]} 7. Bxf6 {[%emt 0:00:47]} Bxf6 {[%emt 0:00:06]} 8. O-O {[%emt 0:00:21]} d6 {[%emt 0:01:27]} 9. c3 {[%emt 0:00:56]} Nd7 {[%emt 0:01:10]} 10. Qe2 {[%emt 0:00:30]} a6 {[%emt 0:00:05]} 11. a4 {[%emt 0:07:13]} O-O {[%emt 0:04:18]} 12. e4 {[%emt 0:05:07]} e5 {[%emt 0:02:44]} 13. dxe5 {[%emt 0:00:11]} dxe5 {[%emt 0:03:27]} 14. Rfd1 {[%emt 0:02:35]} Qe7 {[%emt 0:01:56]} 15. Nc4 {[%emt 0:10:04]} Rfd8 16. b4 {[%emt 0:08:17]} Nf8 {[%emt 0:16:21]} 17. Ne3 {[%emt 0:07:33]} a5 {[%emt 0:13:13]} 18. Nf5 {[%emt 0:02:40]} Qe8 {[%emt 0:01:38]} 19. Bb5 {[%emt 0:00:37]} Rxd1+ {[%emt 0:01:20]} 20. Rxd1 {[%emt 0:04:25]} Qe6 {[%emt 0:00:25]} 21. Qc2 {[%emt 0:08:58]} Be7 {[%emt 0:13:10]} 22. Ne3 {[%emt 0:07:49]} Bf6 {[%emt 0:11:18]} 23. h3 {[%emt 0:11:07]} g6 {[%emt 0:01:32]} 24. Bc4 {[%emt 0:00:41]} Qe8 {[%emt 0:02:25]} 25. Bd5 {[%emt 0:01:02]} c6 {[%emt 0:01:45]} 26. Bb3 {[%emt 0:00:23]} Ba6 {[%emt 0:04:34]} 27. Ng4 {[%emt 0:05:30]} Bg7 {[%emt 0:01:23]} 28. Rd6 {[%emt 0:01:01]} Bc8 {[%emt 0:02:27]} 29. Nf6+ {[%emt 0:01:24]} Bxf6 {[%emt 0:00:03]} 30. Rxf6 {[%emt 0:00:07]} Ra7 {[%emt 0:00:47]} 31. Qd2 {[%emt 0:00:58]} Kg7 {[%emt 0:01:04]} 32. Rd6 {[%emt 0:02:06]} Rd7 {[%emt 0:00:33]} 33. Rxd7 {[%emt 0:00:38]} Qxd7 {[%emt 0:00:14]} 34. Qe3 {[%emt 0:00:05]} Qc7 {[%emt 0:02:55]} 35. bxa5 {[%emt 0:00:41]} bxa5 {[%emt 0:00:02]} 36. Qc5 {[%emt 0:00:15]} f6 {[%emt 0:01:03]} 37. Nd2 {[%emt 0:02:24]} Ne6 {[%emt 0:00:22]} 38. Bxe6 {[%emt 0:01:58]} Bxe6 {[%emt 0:00:02]} 39. Kf1 {[%emt 0:00:30]} h5 {[%emt 0:02:37]} 40. h4 {[%emt 0:00:52]} Qb7 {[%emt 0:04:46]} 41. Ke2 {[%emt 0:01:44]} Qa6+ {[%emt 0:01:13]} 42. c4 {[%emt 0:00:41]} Bf7 {[%emt 0:00:40]} 43. Kd3 {[%emt 0:00:28]} Qc8 {[%emt 0:02:08]} 44. f3 {[%emt 0:00:33]} Qe6 {[%emt 0:02:39]} 45. Nb3 {[%emt 0:00:50]} f5 {[%emt 0:00:42]} 46. Nd2 {[%emt 0:01:38]} Qf6 {[%emt 0:00:33]} 47. Qxa5 {[%emt 0:00:57]} fxe4+ {[%emt 0:00:18]} 48. Nxe4 {[%emt 0:00:15]} Qxh4 {[%emt 0:00:45]} 49. Qxe5+ {[%emt 0:00:04]} Kg8 {[%emt 0:00:51]} 50. Qb8+ {[%emt 0:04:25]} Kg7 {[%emt 0:00:16]} 51. Qe5+ {[%emt 0:00:33]} Kg8 {[%emt 0:00:06]} 52. Nd6 {[%emt 0:00:32]} Qh1 {[%emt 0:00:45]} 53. Qf6 {[%emt 0:00:30]} Qd1+ {[%emt 0:00:43]} 54. Ke3 {[%emt 0:00:15]} Qe1+ {[%emt 0:00:20]} 55. Kf4 {[%emt 0:00:06]} Qd2+ {[%emt 0:00:55]} 56. Kg3 {[%emt 0:00:06]} Qe1+ {[%emt 0:00:26]} 57. Kh2 {[%emt 0:00:06]} Be8 {[%emt 0:00:16]} 58. a5 {[%emt 0:01:02]} h4 {[%emt 0:00:48]} 59. Qg5 {[%emt 0:00:17]} c5 {[%emt 0:00:36]} 60. a6 {[%emt 0:00:34]} Kh7 {[%emt 0:00:28]} 61. Nxe8 {[%emt 0:01:11]} Qxe8 {[%emt 0:00:03]} 62. Qxh4+ {[%emt 0:00:07]} Kg8 {[%emt 0:00:57]} 63. Qg3 {[%emt 0:00:41]} Kf7 {[%emt 0:00:27]} 64. Qc7+ {[%emt 0:00:14]} Ke6 {[%emt 0:00:17]} 65. Qb6+ {[%emt 0:00:25]} Kf7 {[%emt 0:00:23]} 66. Qxc5 {[%emt 0:00:30]} Qh8+ {[%emt 0:00:18]} 67. Kg3 {[%emt 0:00:20]} Qb8+ {[%emt 0:00:07]} 68. f4 {[%emt 0:00:25]} Qb3+ {[%emt 0:00:17]} 69. Kh2 {[%emt 0:00:05]} 1-0

[Event "9th HDBank Open 2019"]
[Site "Ho Chi Minh City"]
[Date "2019.03.09"]
[Round "4.10"]
[White "Xu, Yi"]
[Black "Chu, Wei Chao"]
[Result "1-0"]
[WhiteElo "2520"]
[BlackElo "2373"]
[Annotator "ChessBase"]
[PlyCount "43"]
[EventDate "2019.03.07"]
[EventType "swiss"]
[EventCountry "VIE"]
[SourceTitle "playchess.com"]
[Source "ChessBase"]
[SourceQuality "1"]
[TimeControl "5400+30"]

1. e4 {[%emt 0:01:12]} c6 {[%emt 0:00:19]} 2. d4 {[%emt 0:00:06]} d5 {[%emt 0:00:04]} 3. e5 {[%emt 0:00:34]} c5 {[%emt 0:00:07]} 4. dxc5 {[%emt 0:00:05]} e6 {[%emt 0:00:04]} 5. a3 {[%emt 0:00:04]} Bxc5 {[%emt 0:00:18]} 6. b4 {[%emt 0:00:11]} Bb6 {[%emt 0:00:07]} 7. Qg4 {[%emt 0:01:18]} Ne7 {[%emt 0:00:05]} 8. Nf3 {[%emt 0:01:23]} Ng6 {[%emt 0:02:31]} 9. Bd3 {[%emt 0:01:11]} a5 {[%emt 0:15:31]} 10. Bb2 {[%emt 0:03:34]} axb4 {[%emt 0:00:06]} 11. axb4 {[%emt 0:01:12]} Rxa1 {[%emt 0:00:06]} 12. Bxa1 {[%emt 0:00:03]} Qe7 {[%emt 0:00:05]} 13. O-O {[%emt 0:02:38]} Na6 {[%emt 0:00:04]} 14. Bc3 Bd7 {[%emt 0:20:20]} 15. h4 {[%emt 0:24:10]} d4 {[%emt 0:14:29]} 16. b5 {[%emt 0:09:43]} Nb4 {[%emt 0:14:54]} 17. Bxb4 {[%emt 0:03:31]} Qxb4 {[%emt 0:00:49]} 18. h5 {[%emt 0:00:12]} Ne7 {[%emt 0:00:43]} 19. Qxg7 {[%emt 0:00:28]} Rg8 {[%emt 0:00:05]} 20. Qxh7 {[%emt 0:00:04]} Bxb5 {[%emt 0:00:41]} 21. h6 {[%emt 0:03:56]} Kf8 {[%emt 0:11:59]} 22. Nbd2 {[%emt 0:01:16]} 1-0

[Event "9th HDBank Open 2019"]
[Site "Ho Chi Minh City"]
[Date "2019.03.09"]
[Round "4.11"]
[White "Karthik Venkataraman"]
[Black "Kulkarni, Rakesh"]
[Result "1-0"]
[WhiteElo "2494"]
[BlackElo "2298"]
[Annotator "RC"]
[PlyCount "89"]
[EventDate "2019.03.07"]
[EventType "swiss"]
[EventCountry "VIE"]
[SourceTitle "playchess.com"]
[Source "ChessBase"]
[SourceQuality "1"]
[TimeControl "5400+30"]

1. d4 {[%emt 0:00:02]} c5 {[%emt 0:17:30]} 2. d5 {[%emt 0:00:59]} e5 {[%emt 0:00:07]} 3. e4 {[%emt 0:00:20]} d6 {[%emt 0:00:14]} 4. Nc3 {[%emt 0:00:08]} g6 {[%emt 0:00:47]} 5. Be2 {[%emt 0:01:41]} Bg7 {[%emt 0:01:17]} 6. Nf3 {[%emt 0:00:18]} Ne7 {[%emt 0:02:13]} 7. Nd2 {[%emt 0:00:25]} Nd7 {[%emt 0:07:28]} 8. a4 {[%emt 0:00:49]} O-O {[%emt 0:01:11]} 9. a5 {[%emt 0:00:27]} f5 {[%emt 0:03:56]} 10. h4 {[%emt 0:03:51]} Nf6 {[%emt 0:11:22]} 11. h5 Bd7 {[%emt 0:09:21]} 12. hxg6 {[%emt 0:10:01]} hxg6 {[%emt 0:06:55]} 13. Nc4 {[%emt 0:03:51]} Qc7 {[%emt 0:02:40]} 14. Bg5 {[%emt 0:02:04]} b5 {[%emt 0:09:53]} 15. axb6 {[%emt 0:00:18]} axb6 {[%emt 0:00:05]} 16. Rxa8 {[%emt 0:00:06]} Rxa8 {[%emt 0:00:03]} 17. Nxe5 {[%emt 0:00:23]} Nxe4 {[%emt 0:00:50]} 18. Nxe4 {[%emt 0:00:09]} fxe4 {[%emt 0:00:25]} 19. Nxd7 {[%emt 0:07:39]} Qxd7 {[%emt 0:00:05]} 20. c3 {[%emt 0:00:05]} Rf8 {[%emt 0:04:07]} 21. Rh4 {[%emt 0:10:51]} Qf5 {[%emt 0:05:09]} 22. Be3 {[%emt 0:01:08]} Qe5 {[%emt 0:02:54]} 23. Qc2 {[%emt 0:02:49]} Nf5 {[%emt 0:00:57]} 24. Rxe4 {[%emt 0:00:41]} Qh2 {[%emt 0:04:08]} 25. Bf3 {[%emt 0:05:13]} Ra8 {[%emt 0:07:32]} 26. Ke2 {[%emt 0:02:21]} Qg1 {[%emt 0:01:18]} 27. Qc1 {[%emt 0:03:42]} Qxc1 {[%emt 0:00:32]} 28. Bxc1 {[%emt 0:00:05]} Ra1 {[%emt 0:00:21]} 29. Bg5 {[%emt 0:11:49]} Ra2 {[%emt 0:00:07]} 30. g4 {[%emt 0:00:05]} Rxb2+ {[%emt 0:00:03]} 31. Kf1 {[%emt 0:00:04]} Nh6 {[%emt 0:00:05]} 32. Bxh6 {[%emt 0:00:07]} Bxh6 {[%emt 0:00:05]} 33. Re6 {[%emt 0:00:03]} Bf4 {[%emt 0:01:41]} 34. Rxg6+ {[%emt 0:00:45]} Kf7 {[%emt 0:00:01]} 35. Be4 {[%emt 0:00:07]} b5 {[%emt 0:01:11]} 36. g5 {[%emt 0:00:13]} Be5 {[%emt 0:00:10]} 37. Re6 {[%emt 0:00:19]} b4 {[%emt 0:00:46]} 38. f4 {[%emt 0:02:18]} Bxc3 {[%emt 0:00:54]} 39. f5 {[%emt 0:01:45]} c4 {[%emt 0:00:31]} 40. f6 {[%emt 0:00:16]} Bxf6 {[%emt 0:00:07]} 41. Rxf6+ {[%emt 0:00:08]} Kg7 {[%emt 0:00:51]} 42. Rxd6 {[%emt 0:00:47]} b3 {[%emt 0:00:07]} 43. Rd7+ {[%emt 0:00:09]} Kg8 {[%emt 0:00:35]} 44. Bf5 {[%emt 0:01:30]} Rc2 {[%emt 0:00:51]} 45. Be6+ {[%emt 0:00:53]} 1-0

[Event "9th HDBank Open 2019"]
[Site "Ho Chi Minh City"]
[Date "2019.03.09"]
[Round "4.12"]
[White "Cheparinov, Ivan"]
[Black "Pham, Le Thao Nguyen"]
[Result "1-0"]
[WhiteElo "2683"]
[BlackElo "2374"]
[Annotator "TA"]
[PlyCount "77"]
[EventDate "2019.03.07"]
[EventType "swiss"]
[EventCountry "VIE"]
[SourceTitle "playchess.com"]
[Source "ChessBase"]
[SourceQuality "1"]

{[%evp 20,77,29,27,44,22,37,27,23,23,38,29,41,33,33,5,10,0,31,31,52,30,41,31,25,13,23,6,14,4,43,47,34,51,52,38,46,23,70,7,35,31,11,1,0,6,247,219,651,657,2743,2181,2181,1493,1285,1189,29988,29989,29992,29993]} 1. e4 e5 2. Nf3 Nf6 3. Nxe5 d6 4. Nf3 Nxe4 5. Nc3 Nxc3 6. dxc3 Be7 7. Be3 Nc6 {[%cal Bb8c6,Bc6e5,Be5c4,Bc4e3][%mdl 32]} 8. Qd2 Be6 9. O-O-O {C42: Petroff Defence: 3 Nxe5 and unusual White 3rd moves} Qd7 10. h3 (10. Kb1 Bf6 11. h4 O-O-O 12. Bg5 Qe7 13. Qf4 h6 14. Bxf6 Qxf6 15. Qxf6 gxf6 16. Nd4 Ne5 {½-½ (36) Vachier Lagrave,M (2778)-Yu,Y (2764) Shenzhen 2018}) 10... a6 11. Kb1 {LiveBook: 24 Games. White has an edge.} Ne5 12. Nd4 Nc4 13. Qe1 $146 ({Predecessor:} 13. Bxc4 Bxc4 14. g4 O-O-O 15. Nf5 g6 16. Nxe7+ Qxe7 {1-0 (54) Abashev,D (2440)-Slugin,S (2411) Sochi 2006}) 13... Nxe3 14. Qxe3 Bf6 15. g4 O-O 16. Bg2 Rae8 {...Bxa2+! is the strong threat.} 17. Qg3 (17. Qd2 {keeps more tension.} c6 18. f4 Qc7 19. Nxe6 fxe6 20. Qxd6 Qxd6 21. Rxd6 Bh4 22. Rd4) 17... Bxd4 18. Rxd4 b6 {[%cal Bb7b6,Bb6b5][%mdl 32]} 19. b3 Qb5 20. h4 Bc8 21. Rc4 {aiming for Bc6.} Re7 $1 22. Rd1 Qe8 23. Kb2 b5 24. Rcd4 Re2 25. Bf3 Re5 26. a4 Bd7 {[%cal Rb5a4]} 27. axb5 axb5 28. Ra1 Qb8 29. Rd5 (29. g5 $14) 29... Re7 30. h5 {[%cal Bh4h5,Bh5h6][%mdl 32]} b4 31. h6 {Black must now prevent Qf4.} bxc3+ 32. Kxc3 {Threatening Qf4.} Rfe8 $2 {[#]} (32... gxh6 $11 33. Qf4 Re6) 33. Rg5 $1 $18 ({Less strong is} 33. hxg7 Bc6 $16) 33... f6 $2 {[#]} (33... g6) 34. Bd5+ $1 Kh8 35. hxg7+ Rxg7 36. Rxg7 Kxg7 37. g5 f5 38. Qh4 Qd8 39. Rh1 {Precision: White = 65%, Black = 41%.} 1-0

[Event "9th HDBank Open 2019"]
[Site "Ho Chi Minh City"]
[Date "2019.03.09"]
[Round "4.13"]
[White "Sukandar, Irine Kharisma"]
[Black "Demchenko, Anton"]
[Result "0-1"]
[WhiteElo "2381"]
[BlackElo "2678"]
[Annotator "TA"]
[PlyCount "90"]
[EventDate "2019.03.07"]
[EventType "swiss"]
[EventCountry "VIE"]
[SourceTitle "playchess.com"]
[Source "ChessBase"]
[SourceQuality "1"]

{[%evp 25,90,23,27,24,34,23,42,23,23,18,26,23,23,23,23,23,39,41,43,55,59,0,0,0,0,0,60,33,49,58,77,27,33,0,0,0,0,0,0,0,0,0,0,0,56,62,56,0,0,-347,-305,-348,-392,-371,-335,-298,-152,-5126,-5118,-2619,-2430,-29987,-29988,-29989,-29990,-29990,-29991]} 1. e4 c5 2. Nf3 Nc6 3. d4 cxd4 4. Nxd4 Nf6 5. Nc3 d6 6. f3 e5 7. Nb3 Be7 8. Be3 Be6 9. Nd5 Bxd5 10. exd5 Nb4 11. c4 a5 12. Qd2 b6 13. Be2 O-O 14. O-O {B56: Classical Sicilian: Unusual Lines} Na6 15. Nc1 (15. Rac1 Nh5 16. Kh1 Nc5 17. Nxc5 bxc5 18. Rc3 f5 19. Rb3 Bh4 20. g4 fxg4 21. fxg4 Rxf1+ 22. Bxf1 {0-1 (50) Sivuk,V (2540)-Amonatov,F (2619) New Delhi 2017}) 15... Nd7 16. Bd3 {White is slightly better.} f5 17. Ne2 f4 18. Bf2 Bh4 $146 ({Predecessor:} 18... Nac5) 19. Nc3 Bxf2+ 20. Qxf2 Nac5 21. Bc2 Qg5 22. b3 Nf6 23. a3 (23. Rab1 $14) 23... e4 $1 $11 24. Nxe4 Nfxe4 25. Bxe4 Qf6 ({Black should play} 25... Nxe4 $11 26. fxe4 f3) 26. Rae1 g6 27. Bc2 Qb2 28. h4 Qxa3 29. h5 Qb2 30. hxg6 hxg6 31. Bxg6 Qf6 32. Bc2 Kg7 33. Re2 Rae8 34. Rfe1 Re5 ({Better is} 34... Rxe2 $11 35. Qxe2 (35. Rxe2 Kf7 $11) 35... Kf7) 35. Rxe5 $14 dxe5 36. g4 ({White should try} 36. Re2 $14) 36... Rh8 $11 {...Rh3 is the strong threat.} 37. Qe2 $2 {[%mdl 8192]} (37. Kg2 $11 {and White stays safe.}) 37... e4 $1 $19 38. g5 Qd4+ 39. Kg2 {[%cal Rc2e4]} Qe5 40. Rg1 {[%cal Rc2e4]} Qb2 (40... e3 $19 41. Bd1 {[#]} Ne4 $1 {[%mdl 512]} 42. fxe4 Rh2+ {[%mdl 64] Deflection, Decoy} 43. Kxh2 f3+ {[%mdl 64] Discovered Attack} 44. Rg3 fxe2 45. Bxe2 Qxe4) 41. fxe4 $2 (41. Rh1 $17 Rxh1 42. Kxh1) 41... Qc3 42. Kf1 Rh3 43. Bd1 Re3 {[%mdl 64] [#] Double Attack. Black mates.} 44. Qh2 Qd3+ 45. Be2 Qb1+ {Accuracy: White = 47%, Black = 70%.} 0-1

[Event "9th HDBank Open 2019"]
[Site "Ho Chi Minh City"]
[Date "2019.03.09"]
[Round "4.14"]
[White "Predke, Alexandr"]
[Black "Vo, Thanh Ninh"]
[Result "1-0"]
[WhiteElo "2611"]
[BlackElo "2358"]
[Annotator "ChessBase"]
[PlyCount "157"]
[EventDate "2019.03.07"]
[EventType "swiss"]
[EventCountry "VIE"]
[SourceTitle "playchess.com"]
[Source "ChessBase"]
[SourceQuality "1"]
[TimeControl "5400+30"]

1. Nf3 {[%emt 0:02:00]} Nf6 {[%emt 0:00:28]} 2. g3 {[%emt 0:01:51]} g6 {[%emt 0:00:44]} 3. Bg2 {[%emt 0:00:06]} Bg7 {[%emt 0:00:13]} 4. O-O {[%emt 0:00:06]} O-O {[%emt 0:00:21]} 5. d4 {[%emt 0:00:27]} d6 {[%emt 0:02:17]} 6. b3 {[%emt 0:00:16]} e5 {[%emt 0:08:00]} 7. dxe5 {[%emt 0:00:18]} Ng4 {[%emt 0:00:19]} 8. Bg5 {[%emt 0:01:20]} Qd7 {[%emt 0:04:05]} 9. Nc3 {[%emt 0:04:42]} h6 {[%emt 0:02:52]} 10. Bd2 {[%emt 0:05:05]} Nxe5 {[%emt 0:00:44]} 11. Nxe5 {[%emt 0:15:22]} Bxe5 12. Qe1 {[%emt 0:07:23]} Bg7 {[%emt 0:02:29]} 13. Rd1 {[%emt 0:00:04]} Nc6 {[%emt 0:00:36]} 14. Nd5 {[%emt 0:02:55]} f5 {[%emt 0:06:01]} 15. Bc3 {[%emt 0:04:52]} Kh7 {[%emt 0:01:38]} 16. b4 {[%emt 0:07:54]} Ne5 {[%emt 0:01:47]} 17. b5 {[%emt 0:03:50]} c6 {[%emt 0:01:37]} 18. bxc6 {[%emt 0:16:29]} bxc6 {[%emt 0:00:11]} 19. Nb4 {[%emt 0:00:34]} Bb7 {[%emt 0:06:13]} 20. Nd3 {[%emt 0:00:08]} Nxd3 {[%emt 0:05:06]} 21. Rxd3 {[%emt 0:00:48]} Bf6 {[%emt 0:17:36]} 22. Bxf6 {[%emt 0:04:32]} Rxf6 {[%emt 0:00:06]} 23. Qa5 {[%emt 0:00:47]} c5 {[%emt 0:13:31]} 24. Qxc5 {[%emt 0:00:19]} Bxg2 {[%emt 0:00:04]} 25. Kxg2 {[%emt 0:00:03]} Qb7+ {[%emt 0:00:05]} 26. Qd5 {[%emt 0:00:15]} Qxd5+ {[%emt 0:00:05]} 27. Rxd5 {[%emt 0:00:03]} Rc8 {[%emt 0:00:04]} 28. Rc1 {[%emt 0:07:56]} Rc3 {[%emt 0:01:03]} 29. Rd3 {[%emt 0:01:08]} Rc6 {[%emt 0:00:08]} 30. Ra3 {[%emt 0:01:53]} Rf7 {[%emt 0:00:14]} 31. Kf3 {[%emt 0:02:26]} Rfc7 {[%emt 0:00:40]} 32. c3 {[%emt 0:02:25]} Kg7 {[%emt 0:01:19]} 33. Ke3 {[%emt 0:00:05]} Kf6 {[%emt 0:00:53]} 34. Kd3 {[%emt 0:00:21]} Rb6 {[%emt 0:00:29]} 35. Kc2 {[%emt 0:00:25]} Re7 {[%emt 0:01:47]} 36. e3 {[%emt 0:00:48]} Ke5 {[%emt 0:00:07]} 37. f3 {[%emt 0:01:57]} Kf6 {[%emt 0:00:36]} 38. Re1 {[%emt 0:00:14]} Rc6 {[%emt 0:00:42]} 39. Re2 {[%emt 0:00:39]} Rb6 {[%emt 0:00:43]} 40. Rb3 {[%emt 0:00:12]} Ra6 {[%emt 0:00:16]} 41. Kd3 {[%emt 0:00:15]} Ra5 {[%emt 0:00:13]} 42. Rb4 {[%emt 0:00:17]} Rc7 {[%emt 0:01:05]} 43. a4 {[%emt 0:01:04]} Rac5 {[%emt 0:03:33]} 44. Rc2 {[%emt 0:00:07]} Ke6 {[%emt 0:00:46]} 45. Rb5 {[%emt 0:00:48]} a6 {[%emt 0:03:18]} 46. Rb4 {[%emt 0:02:17]} Rd5+ {[%emt 0:00:26]} 47. Rd4 {[%emt 0:00:06]} Rb7 {[%emt 0:00:06]} 48. Rd2 {[%emt 0:01:41]} Rc5 {[%emt 0:02:37]} 49. Kc2 {[%emt 0:01:38]} Rb6 {[%emt 0:00:32]} 50. e4 {[%emt 0:00:32]} Rbc6 {[%emt 0:02:31]} 51. exf5+ {[%emt 0:01:15]} Rxf5 {[%emt 0:00:08]} 52. Re2+ {[%emt 0:00:19]} Kf6 {[%emt 0:00:58]} 53. Re3 {[%emt 0:00:13]} g5 {[%emt 0:04:38]} 54. h4 {[%emt 0:00:46]} Re5 {[%emt 0:01:24]} 55. Rxe5 {[%emt 0:00:34]} Kxe5 {[%emt 0:00:49]} 56. Re4+ {[%emt 0:00:19]} Kf6 {[%emt 0:00:44]} 57. Kd3 {[%emt 0:00:26]} d5 {[%emt 0:00:11]} 58. Rb4 {[%emt 0:00:09]} Ke5 {[%emt 0:01:23]} 59. hxg5 {[%emt 0:02:36]} hxg5 {[%emt 0:00:04]} 60. Rb8 {[%emt 0:00:13]} Rc4 {[%emt 0:01:25]} 61. Rb4 {[%emt 0:00:06]} Rc6 {[%emt 0:00:21]} 62. Rg4 {[%emt 0:00:23]} Kf5 {[%emt 0:00:10]} 63. c4 {[%emt 0:00:53]} Rc5 {[%emt 0:00:45]} 64. Rd4 {[%emt 0:00:49]} dxc4+ {[%emt 0:00:04]} 65. Rxc4 {[%emt 0:00:02]} Rd5+ {[%emt 0:00:22]} 66. Ke3 {[%emt 0:00:16]} Re5+ {[%emt 0:00:14]} 67. Kd4 {[%emt 0:00:14]} Re6 {[%emt 0:01:02]} 68. Rc5+ {[%emt 0:00:12]} Kg6 {[%emt 0:00:04]} 69. a5 {[%emt 0:00:47]} Rf6 {[%emt 0:00:26]} 70. Ke4 {[%emt 0:00:07]} Re6+ {[%emt 0:00:22]} 71. Re5 {[%emt 0:01:37]} Rc6 {[%emt 0:00:04]} 72. g4 {[%emt 0:01:15]} Rf6 {[%emt 0:01:41]} 73. Re7 {[%emt 0:00:13]} Rc6 {[%emt 0:00:43]} 74. Rb7 {[%emt 0:00:37]} Rc4+ {[%emt 0:00:09]} 75. Kd3 {[%emt 0:00:10]} Rf4 {[%emt 0:00:09]} 76. Rb6+ {[%emt 0:00:06]} Kf7 {[%emt 0:00:04]} 77. Ke3 {[%emt 0:00:05]} Rf6 {[%emt 0:00:04]} 78. Rxf6+ {[%emt 0:00:22]} Kxf6 {[%emt 0:00:04]} 79. Kd4 {[%emt 0:00:07]} 1-0

[Event "9th HDBank Open 2019"]
[Site "Ho Chi Minh City"]
[Date "2019.03.09"]
[Round "4.15"]
[White "Setyaki, Azarya Jodi"]
[Black "Wen, Yang"]
[Result "0-1"]
[WhiteElo "2378"]
[BlackElo "2599"]
[Annotator "ChessBase"]
[PlyCount "110"]
[EventDate "2019.03.07"]
[EventType "swiss"]
[EventCountry "VIE"]
[SourceTitle "playchess.com"]
[Source "ChessBase"]
[SourceQuality "1"]
[TimeControl "5400+30"]

1. e4 {[%emt 0:00:00]} c6 {[%emt 0:03:20]} 2. d4 {[%emt 0:00:00]} d5 {[%emt 0:00:07]} 3. Nd2 {[%emt 0:00:28]} dxe4 {[%emt 0:00:10]} 4. Nxe4 {[%emt 0:00:05]} Nf6 {[%emt 0:00:11]} 5. Nxf6+ {[%emt 0:00:06]} exf6 {[%emt 0:00:05]} 6. c3 {[%emt 0:00:14]} Bd6 {[%emt 0:00:06]} 7. Bd3 {[%emt 0:00:09]} O-O {[%emt 0:00:08]} 8. Qc2 {[%emt 0:00:11]} Re8+ {[%emt 0:00:06]} 9. Ne2 {[%emt 0:00:05]} h5 {[%emt 0:00:05]} 10. O-O {[%emt 0:06:02]} h4 {[%emt 0:00:30]} 11. h3 {[%emt 0:05:56]} Nd7 {[%emt 0:01:32]} 12. Bf4 {[%emt 0:04:05]} Nf8 {[%emt 0:00:40]} 13. Bxd6 {[%emt 0:04:12]} Qxd6 {[%emt 0:00:09]} 14. Rae1 {[%emt 0:04:27]} Bd7 {[%emt 0:03:19]} 15. Qd2 {[%emt 0:16:01]} Ne6 16. Qe3 {[%emt 0:16:44]} Nc5 {[%emt 0:22:21]} 17. Qf4 {[%emt 0:06:42]} Qxf4 {[%emt 0:07:53]} 18. Nxf4 {[%emt 0:00:20]} Nxd3 {[%emt 0:05:35]} 19. Nxd3 {[%emt 0:00:12]} Be6 {[%emt 0:01:13]} 20. a3 {[%emt 0:02:46]} Kf8 {[%emt 0:02:45]} 21. Nc1 {[%emt 0:05:11]} Red8 {[%emt 0:02:20]} 22. Rd1 {[%emt 0:05:19]} a5 {[%emt 0:00:52]} 23. Rfe1 {[%emt 0:00:36]} a4 {[%emt 0:03:11]} 24. Nd3 {[%emt 0:00:34]} b6 {[%emt 0:01:08]} 25. Nb4 {[%emt 0:07:09]} Bb3 {[%emt 0:06:53]} 26. Nxc6 {[%emt 0:01:23]} Rd6 {[%emt 0:00:53]} 27. d5 {[%emt 0:00:19]} Bxd1 {[%emt 0:02:19]} 28. Rxd1 {[%emt 0:00:01]} Re8 {[%emt 0:02:53]} 29. Kf1 {[%emt 0:00:17]} Re4 {[%emt 0:00:23]} 30. f3 {[%emt 0:00:23]} Rc4 {[%emt 0:00:10]} 31. Nb4 {[%emt 0:00:15]} Ke7 {[%emt 0:09:17]} 32. Kf2 {[%emt 0:02:12]} Kd7 {[%emt 0:00:47]} 33. Nc2 {[%emt 0:03:35]} Kc7 {[%emt 0:12:26]} 34. Ne3 {[%emt 0:00:31]} Rf4 {[%emt 0:00:24]} 35. g3 {[%emt 0:07:03]} hxg3+ {[%emt 0:00:07]} 36. Kxg3 {[%emt 0:00:01]} g5 {[%emt 0:00:05]} 37. Ng2 {[%emt 0:01:43]} Rf5 {[%emt 0:00:49]} 38. Ne3 {[%emt 0:00:11]} Re5 {[%emt 0:01:04]} 39. Kf2 {[%emt 0:00:47]} Rd8 {[%emt 0:01:58]} 40. Rd4 {[%emt 0:02:44]} b5 {[%emt 0:01:23]} 41. c4 {[%emt 0:00:58]} f5 {[%emt 0:07:01]} 42. f4 {[%emt 0:00:29]} gxf4 {[%emt 0:00:03]} 43. Rxf4 {[%emt 0:00:02]} Rde8 {[%emt 0:00:04]} 44. Nxf5 {[%emt 0:00:14]} Re4 {[%emt 0:00:37]} 45. Rf3 {[%emt 0:00:20]} Re2+ {[%emt 0:00:19]} 46. Kg3 {[%emt 0:00:04]} Rxb2 {[%emt 0:00:52]} 47. c5 {[%emt 0:01:32]} Rb3 {[%emt 0:01:48]} 48. Nd4 {[%emt 0:00:16]} Ree3 {[%emt 0:01:51]} 49. Nxb5+ {[%emt 0:00:19]} Kd8 {[%emt 0:00:29]} 50. Rxe3 {[%emt 0:00:45]} Rxe3+ {[%emt 0:00:01]} 51. Kf4 {[%emt 0:00:04]} Rb3 {[%emt 0:00:07]} 52. Na7 {[%emt 0:01:22]} Rxa3 {[%emt 0:01:11]} 53. c6 {[%emt 0:00:12]} Rxh3 {[%emt 0:00:41]} 54. d6 {[%emt 0:00:41]} Rc3 {[%emt 0:00:03]} 55. Nb5 Ke8 0-1